000 00409nam a2200157Ia 4500
005 20250429051311.0
008 240331s9999 xx 000 0 und d
082 _a291.5
_bSIP
100 _aSithpawanandan,S
245 0 _aTiruppaval tiruvembaval and tiruvasakam
250 _a2nd
260 _aThirupparaithurai
_bSree Rama Krishna Thapovanam
_c1992
300 _a32 p .,
650 _aThiruppavai
942 _cL
999 _c959
_d959